00445 2200193 4500001002100000005001500021008004100036020002200077035001900099041000700118082000800125090001400133100001600147245002700163260001700190300001800207500001500225650001100240INLIS00000000000286420241224112621241224||||||||| | ||| |||| || |  a978-979-1362-67-2 0010-1224002864 aid0 a813 a813 AJI s0 aAjip Rosidi00aSang Kuriang Kesiangan bNuansac1961 a176 hlm;21 cm aCet. 1,2 3 0aSastra